00921nam a2200217Ia 4500008004100000020001500041040001800056041000800074111010200082245015300184260007400337300001800411504002700429650003800456650002700494650001700521650002200538650001400560650008600574700004300660130821s1998 xxu gr spa  a1886938423 aCo-BoUCMbspa00aspa1 aSimposio de Ciudades y Foro de Buenas Prácticas en Gestión Urbana (1997: Barcelona, España)13aLa ciudad en el siglo XXIbExperiencias exitosas en gestión del desarrollo Urbano en América LatinacEditado por Eduardo Rojas, Robert Daughters aNueva York (Estados Unidos)bBanco Interamericano de Desarrolloc1998 a362 páginas aIncluye bibliografía04aDesarrollo de la comunidad urbana04aPolítica de vivienda04aSociología04aTransporte urbano04aUrbanismo04aUrbanismoxFinanzasvCongresos, conferencias, etc.vCongresos, conferencias, etc.1 aRojas, Eduardo; Daughters, Robert; Ed.